| 000 | 00571nam a2200121Ia 4500 | ||
|---|---|---|---|
| 008 | 220615s9999||||xx |||||||||||||| ||und|| | ||
| 100 | _aAli, Liaqat||Karlsson, Niclas G.||Jin, Chunsheng | ||
| 245 | 0 | _aChapter Glycoproteomics of Lubricin-Implication of Important Biological Glyco- and Peptide-Epitopes in Synovial Fluid | |
| 546 | _aEnglish[eng] | ||
| 650 | _aEarth sciences, geography, environment, planning | ||
| 856 | _uhttps://library.oapen.org/bitstream/20.500.12657/48987/1/25400.pdf||https://library.oapen.org/bitstream/20.500.12657/48987/1/25400.pdf | ||
| 942 | _cEB | ||
| 999 |
_c17112 _d17112 |
||